000
00304nam a2200133Ia 4500
999
_c
6661
_d
6661
003
OSt
008
191201s2011 xx 000 0 und d
100
_a
NSE INDIA
245
0
_a
Mutual Funds: A Beginners Module
260
_a
N. delhi
_b
NSE (NCFM)
_c
2011
300
_a
70
650
_a
NCFM
942
_2
ddc
_c
BK